000 00484nam a2200181Ia 4500
005 20250326124313.0
008 250326s9999 xx 000 0 und d
037 _aTextbook
040 _aFMSL
_beng
_cFMSL
041 _aeng
_2eng
084 _aS:72 L1
_qFMSL
100 _aGuilford J P
245 0 _aAnalysis of intelligence
_cGuilford J P; Hoepfner R
260 _aNY
_bNY, McGraw-Hill
_c1971
300 _a514p
942 _cTB
_hS:72 L1
999 _c1273182
_d1273182